Most Popular Baby Boy Names 1915-2014 - Statistics

General Stats
  • This quiz has been taken 4,683 times
  • The average score is 50 of 100
Answer Stats
Answer % Correct
John
94%
Johnny
94%
James
88%
William
87%
Michael
86%
Thomas
85%
David
81%
George
81%
Robert
78%
Daniel
77%
Matthew
77%
Paul
77%
Jack
76%
Mark
76%
Richard
76%
Christopher
75%
Peter
75%
Stephen
74%
Joseph
73%
Andrew
72%
Harry
72%
Charles
71%
Benjamin
70%
Henry
70%
Samuel
70%
Edward
69%
Alexander
68%
Frank
67%
Steven
65%
Donald
64%
Timothy
64%
Jacob
61%
Kevin
60%
Nicholas
60%
Adam
59%
Anthony
59%
Ronald
59%
Bryan
58%
Joshua
58%
Jose
56%
Joe
55%
Nathan
54%
Philip
54%
Ryan
54%
Brian
53%
Eric
51%
Jason
51%
Zachary
51%
Patrick
50%
Ethan
47%
Gregory
47%
Kenneth
47%
Louis
47%
Noah
47%
Aaron
46%
Justin
46%
Carl
45%
Jonathan
45%
Albert
44%
Bobby
44%
Jeffrey
44%
Gary
43%
Kyle
41%
Sean
41%
Arthur
40%
Alan
39%
Jeremy
39%
Larry
39%
Tyler
39%
Vincent
39%
Walter
39%
Harold
37%
Scott
37%
Brandon
36%
Raymond
34%
Jordan
33%
Keith
32%
Dennis
31%
Jerry
30%
Christian
29%
Billy
28%
Lawrence
28%
Dylan
27%
Gerald
27%
Bruce
26%
Roger
25%
Terry
24%
Gabriel
23%
Juan
23%
Wayne
22%
Douglas
21%
Howard
20%
Jesse
19%
Austin
18%
Roy
18%
Ralph
15%
Russell
15%
Randy
14%
Eugene
10%
Willie
8%
No matching quizzes found
Score Distribution
Percent of People with Each Score
Percentile by Number Answered
Your Score History
You have not taken this quiz